|
|
|
|
| LEADER |
00000naa2a2200000 4500 |
| 001 |
195788 |
| 005 |
20231031182908.0 |
| 035 |
|
|
|a (RuTPU)RU\TPU\book\213602
|
| 035 |
|
|
|a RU\TPU\book\213600
|
| 090 |
|
|
|a 195788
|
| 100 |
|
|
|a 20110516d1969 k y0rusy50 ca
|
| 101 |
0 |
|
|a rus
|
| 102 |
|
|
|a RU
|
| 200 |
1 |
|
|a Экспрессный метод определения содержания взвешенных веществ в сточной воде
|f А. З. Евилевич, А. А. Мартикайнен, В. Д. Андреева
|
| 225 |
1 |
|
|a Очистка сточных вод
|
| 320 |
|
|
|a Библиогр.: с. 255 (1 назв.)
|
| 461 |
|
0 |
|0 (RuTPU)RU\TPU\book\213513
|t Сборник трудов Всесоюзного научно-исследовательского института гидролиза растительных материалов (ВНИИГидролиз)
|f Всесоюзный научно-исследовательский институт гидролиза растительных материалов (ВНИИГидролиз)
|d 1968-1989
|
| 463 |
|
0 |
|0 (RuTPU)RU\TPU\book\213566
|t Том 18
|f под ред. Н. В. Чалова
|v С. 251-255
|d 1969
|p 294 с.
|
| 700 |
|
1 |
|a Евилевич
|b А. З.
|
| 701 |
|
1 |
|a Мартикайнен
|b А. А.
|
| 701 |
|
1 |
|a Андреева
|b В. Д.
|
| 801 |
|
1 |
|a RU
|b 63413507
|c 20110515
|
| 801 |
|
2 |
|a RU
|b 63413507
|c 20111012
|g RCR
|
| 942 |
|
|
|c BK
|